Coming of age : (Record no. 51538)

MARC details
000 -LEADER
fixed length control field 01081cam a2200301 i 4500
001 - CONTROL NUMBER
control field 19083912
003 - CONTROL NUMBER IDENTIFIER
control field OSt
005 - DATE AND TIME OF LATEST TRANSACTION
control field 20171113120138.0
008 - FIXED-LENGTH DATA ELEMENTS--GENERAL INFORMATION
fixed length control field 160506s2016 ke a b 001 0 eng
010 ## - LIBRARY OF CONGRESS CONTROL NUMBER
LC control number 2015333290
020 ## - INTERNATIONAL STANDARD BOOK NUMBER
International Standard Book Number 9789966561848
040 ## - CATALOGING SOURCE
Original cataloging agency DLC
Language of cataloging eng
Transcribing agency DLC
Description conventions rda
Modifying agency DLC
042 ## - AUTHENTICATION CODE
Authentication code lcode
-- pcc
043 ## - GEOGRAPHIC AREA CODE
Geographic area code f------
050 00 - LIBRARY OF CONGRESS CALL NUMBER
Classification number Z286.A35
Item number C66 2016
245 00 - TITLE STATEMENT
Title Coming of age :
Remainder of title strides in African publishing : essays in honour of Dr Henry Chakava at 70 /
Statement of responsibility, etc editors Kiarie Kamau, Kirimi Mitambo.
260 ## - PUBLICATION, DISTRIBUTION, ETC. (IMPRINT)
Place of publication, distribution, etc Nairobi:
Name of publisher, distributor, etc East African educational
300 ## - PHYSICAL DESCRIPTION
Extent xxvii, 288 pages :
Other physical details illustrations ;
Dimensions 21 cm
504 ## - BIBLIOGRAPHY, ETC. NOTE
Bibliography, etc Includes bibliographical references and index.
600 10 - SUBJECT ADDED ENTRY--PERSONAL NAME
Personal name Chakava, Henry.
650 #0 - SUBJECT ADDED ENTRY--TOPICAL TERM
Topical term or geographic name as entry element Publishers and publishing
Geographic subdivision Africa.
700 1# - ADDED ENTRY--PERSONAL NAME
Personal name Kamau, Kiarie,
Relator term editor.
700 1# - ADDED ENTRY--PERSONAL NAME
Personal name Mitambo, Kirimi,
Relator term editor.
856 41 - ELECTRONIC LOCATION AND ACCESS
Materials specified Table of contents only
Uniform Resource Identifier <a href="https://www.loc.gov/catdir/toc/fy17pdf01/2015333290.html">https://www.loc.gov/catdir/toc/fy17pdf01/2015333290.html</a>
906 ## - LOCAL DATA ELEMENT F, LDF (RLIN)
a 7
b cbc
c origode
d 3
e ncip
f 20
g y-gencatlg
942 ## - ADDED ENTRY ELEMENTS (KOHA)
Source of classification or shelving scheme Library of Congress Classification
Koha item type Book
Holdings
Withdrawn status Lost status Source of classification or shelving scheme Damaged status Not for loan Collection code Home library Current library Shelving location Date acquired Source of acquisition Cost, normal purchase price Total Checkouts Full call number Barcode Copy number Price effective from Koha item type
    Library of Congress Classification   Not For Loan Non-fiction Bishop Okullu Memorial Library (Limuru Campus) Bishop Okullu Memorial Library (Limuru Campus) On Display 13/11/2017 Donation-BFA 1200.00   Z286.A35 C66 2016 056744 1 13/11/2017 Book